Sports Quiz

Random Sports or NBA Quiz

Minnesota Timberwolves Playoff Starting Lineups Quiz Stats

 Plays Quiz not verified by Sporcle

Challenge
Share
Tweet
Embed
Score 0/45 Timer 05:00
0 Plays Today
Year Player % Correct
2018Andrew Wiggins
100%
2018Karl-Anthony Towns
100%
1997Kevin Garnett
99.8%
1998Kevin Garnett
99.8%
1999Kevin Garnett
99.8%
2000Kevin Garnett
99.8%
2001Kevin Garnett
99.8%
2002Kevin Garnett
99.8%
2003Kevin Garnett
99.8%
2004Kevin Garnett
99.8%
2018Jeff Teague
96.7%
2018Jimmy Butler
96.7%
2018Taj Gibson
96.7%
2004Sam Cassell
92.4%
2004Latrell Sprewell
84.6%
2000Wally Szczerbiak
81.1%
2001Wally Szczerbiak
81.1%
2002Wally Szczerbiak
81.1%
2003Wally Szczerbiak
81.1%
1997Stephon Marbury
72.2%
1998Stephon Marbury
72.2%
2004Ervin Johnson
67.9%
1999Terrell Brandon
64%
Year Player % Correct
2000Terrell Brandon
64%
2001Terrell Brandon
64%
1997Tom Gugliotta
59.2%
1999Joe Smith
59%
2003Joe Smith
59%
2004Trenton Hassell
51.8%
2000Rasho Nesterović
50.1%
2002Rasho Nesterović
50.1%
2003Rasho Nesterović
50.1%
1998Sam Mitchell
46.9%
1999Sam Mitchell
46.9%
2002Sam Mitchell
46.9%
2003Troy Hudson
41%
1998Anthony Peeler
36.2%
1999Anthony Peeler
36.2%
2001Anthony Peeler
36.2%
1997Doug West
34.1%
2002Chauncey Billups
32.1%
1997Dean Garrett
29.3%
2001Dean Garrett
29.3%
2000Malik Sealy
27.3%
1998Tom Hammonds
8%

You're not logged in!

Compare scores with friends on all Sporcle quizzes.
OR
Log In

You Might Also Like...

Show Comments

Extras

Top Quizzes Today


Score Distribution

Your Account Isn't Verified!

In order to create a playlist on Sporcle, you need to verify the email address you used during registration. Go to your Sporcle Settings to finish the process.

Report this User

Report this user for behavior that violates our Community Guidelines.

Details: